Fill in these Dean Pelton quotes- Community - Statistics

General Stats
  • This quiz has been taken 14 times
    10 since last reset
  • The average score is 14 of 30
Answer Stats
Hint Answer % Correct
This better not __ anything in me Awaken
100%
I have to go to the ____ today Bank
88%
Rap artists looting em labels are diluting em_____ is SCARED of me coz I don’t swallow knowledge but i spit it for free let me clear my throat UH HUH HUH HUH Barack Obama
88%
Look at his ___! Even his___! Shadow
88%
What's Dean _________ it! Got to do with
75%
What if the police come they’ll think_____ I’m a bad dean
75%
Let's maybe not drop the ____ mics! 50 dollar
63%
Uh call me Craig ! And call____ a day at the mall with Craig Blackmail
63%
If an Asian man says he's a _______, it's not ____ to ask for proof Spanish teacher, racist
63%
Come on I'm Dean and my hands are so clean, at this moment I am _____! Stapling
63%
If that this hoodie were a ______! Time hoodie
63%
We now get ___ of our electricity from the apartment building across the street! 80%
50%
Some of these students have been called ____ their whole lives Animals
50%
___don’t dean this! Homie
50%
It’s not easy being dean! THEN STOP BEING THE DEAN! , i CAN'T its my whole ______! Ideantity
50%
I forgot everything you said before___! Rectum
50%
How could any ___ be so ___! Dean, mean
38%
____ I'm Dean! Honey
38%
And to think i trusted him to captain that ___ in that dream I had last night Magic carpet
38%
If coming out is a magic show, i’m one of those _______ Never ending handkerchiefs
38%
The only compliment our sports programme gets is that our basketball team is _____ Really gay
38%
Each night i’ll think of you and ______ Rub
38%
You think a dance can just be thrown together? You think i just decide to buy pom froms and rig the ____ and do a rainforest theme, hold on i’ve gotta write this down Sprinkler system
25%
Craig Pelton, Dean and __________coach assistant water polo
13%
You broke my _____... and my heart! device
13%
Ive got more than ____ to rub on you (rub rub rub) Exfoliating soap
13%
Okay listen__ ! Oh i’m sorry that got heated Jerkwad
13%
I didn't even know there was a difference between ___________ barbeque. I mean, _____lasted longer than that war. Get over it. Am I right? North and South Korean, M.A.S.H
13%
Who is it here that has a dalmation fetish? Ok, well thats an______and you are suspended Oversimplification
13%
Maybe you're looking for something that was __________, just a pitch Right in front of you the whole time
13%
No matching quizzes found
Score Distribution
Percent of People with Each Score
Percentile by Number Answered
Your Score History
You have not taken this quiz since the last reset